LOTR: The Ring Verse - Statistics

General Stats
  • This quiz has been taken 94 times
  • The average score is 8 of 10
Answer Stats
Answer % Correct
One Ring to {rule} them all,
95%
and in the darkness {bind} them
88%
Nine for Mortal Men {doomed} to die,
86%
One Ring to {find} them
85%
One for the Dark Lord on his dark {throne}
84%
Seven for the Dwarf-lords in their {halls} of stone,
83%
In the Land of Mordor where the {Shadows} lie.
79%
Three Rings for the Elven-kings under the {sky},
79%
In the Land of Mordor where the {Shadows} lie.
77%
One Ring to {bring} them all,
69%
No matching quizzes found
Score Distribution
Percent of People with Each Score
Percentile by Number Answered
Your Score History
You have not taken this quiz